Chữ Việt nhanh

Sách cung cấp cho độc giả những cách viết chữ Việt nhanh nhất.

में बचाया:
ग्रंथसूची विवरण
मुख्य लेखक: Trần, Tư Bình
स्वरूप: पुस्तक
भाषा:Undetermined
प्रकाशित: Thành phố Hồ Chí Minh Trẻ 2011
विषय:
टैग : टैग जोड़ें
कोई टैग नहीं, इस रिकॉर्ड को टैग करने वाले पहले व्यक्ति बनें!
Thư viện lưu trữ: Trung tâm Học liệu Trường Đại học Cần Thơ
LEADER 00667nam a2200193Ia 4500
001 CTU_180121
008 210402s9999 xx 000 0 und d
082 |a 005.369 
082 |b B312 
100 |a Trần, Tư Bình 
245 0 |a Chữ Việt nhanh 
245 0 |c Trần Tư Bình, Ngô Đình Học, Nguyễn Vĩnh Tráng 
260 |a Thành phố Hồ Chí Minh 
260 |b Trẻ 
260 |c 2011 
520 |a Sách cung cấp cho độc giả những cách viết chữ Việt nhanh nhất. 
650 |a Tốc ký,Shorthand 
904 |i Trinh, Như 
980 |a Trung tâm Học liệu Trường Đại học Cần Thơ